Statistics for Top 10 Most-Visited U.S. States

Click here to take the quiz!

General Stats

  • This quiz has been taken 29,360 times
    (9,511 since last reset)
  • The average score is 8 of 10

Answer Stats

% of Visitors State % Correct
27.1New York
99%
21.4California
99%
23.5Florida
97%
4.86Texas
95%
8.13Nevada
78%
7.98Hawaii
74%
4.06Illinois
73%
2.93Arizona
70%
4.60Massachusetts
66%
2.78New Jersey
64%

Score Distribution

Percentile by Number Answered

Percent of People with Each Score

Your Score History

You have not taken this quiz since the last reset